000 01281nam a2200337 c 4500
003 BLK
005 20230406030301.0
008 180413b bul|||||r ||||||| ||bul||
010 _aKNG00027086000
020 _a954-597-095-2
_bиздат.: Фама
040 _aBLK
041 _aBUL
_cBUL
080 _aФренска литература
_b821.133.1
_x-342
_z821.133.1-342
100 1 _aЛафонтен, Жан дьо
_eпърви автор
_987853
700 1 _aХарманджиев, Тодор
_gХарманджиев, Тодор Александров, Илиев, Тодор Александров, Василев, Тодор Александров
_cпоет, преводач
_d1905-1993
_qИлиев, Тодор Александров
_9249306
700 1 _aУдри, Жан-Батист
_eил.
_9132227
139 _aЛафонтен, Жан дьо
_bЛ 28
245 1 0 _aБасни
_cЖан дьо Лафонтен; прев. от фр. Тодор Харманджиев; ил. Жан-Батист Удри.
257 _aFRA
260 София
_bФама
_c1998
_fСофия : Офсетграфик
300 _a84 с.
_bс ил.
_c20 см
380 _aDX
490 1 _aКласика
500 _aОриг. загл. Fabies / Jean de La Fontaine.
653 _aбасни
852 _aЦб 197768
856 4 _qpdf
_u
856 4 _qpdf
_u
942 _cKNG
_n0
_09
944 _aCR
_c15.01.2003
_kНаталия_Медовщикова
944 _aED
_c17.02.2009
_k
999 _c24569
_d24569